<?xml version="1.0" encoding="UTF-8"?><?xml-stylesheet type="text/xsl" href="static/style.xsl"?><OAI-PMH xmlns="http://www.openarchives.org/OAI/2.0/" xmlns:xsi="http://www.w3.org/2001/XMLSchema-instance" xsi:schemaLocation="http://www.openarchives.org/OAI/2.0/ http://www.openarchives.org/OAI/2.0/OAI-PMH.xsd"><responseDate>2026-04-14T03:09:08Z</responseDate><request verb="GetRecord" identifier="oai:www.recercat.cat:2117/447374" metadataPrefix="marc">https://recercat.cat/oai/request</request><GetRecord><record><header><identifier>oai:recercat.cat:2117/447374</identifier><datestamp>2026-01-30T09:29:56Z</datestamp><setSpec>com_2072_1033</setSpec><setSpec>col_2072_452950</setSpec></header><metadata><record xmlns="http://www.loc.gov/MARC21/slim" xmlns:dcterms="http://purl.org/dc/terms/" xmlns:xsi="http://www.w3.org/2001/XMLSchema-instance" xmlns:doc="http://www.lyncode.com/xoai" xsi:schemaLocation="http://www.loc.gov/MARC21/slim http://www.loc.gov/standards/marcxml/schema/MARC21slim.xsd">
   <leader>00925njm 22002777a 4500</leader>
   <datafield ind2=" " ind1=" " tag="042">
      <subfield code="a">dc</subfield>
   </datafield>
   <datafield ind2=" " ind1=" " tag="720">
      <subfield code="a">Fernandez Garcia, Elisa</subfield>
      <subfield code="e">author</subfield>
   </datafield>
   <datafield ind2=" " ind1=" " tag="720">
      <subfield code="a">Wojtak, Radoslaw</subfield>
      <subfield code="e">author</subfield>
   </datafield>
   <datafield ind2=" " ind1=" " tag="720">
      <subfield code="a">Prada, F.</subfield>
      <subfield code="e">author</subfield>
   </datafield>
   <datafield ind2=" " ind1=" " tag="720">
      <subfield code="a">Cervantes Cota, Jorge L.</subfield>
      <subfield code="e">author</subfield>
   </datafield>
   <datafield ind2=" " ind1=" " tag="720">
      <subfield code="a">Valogiannis, Georgios</subfield>
      <subfield code="e">author</subfield>
   </datafield>
   <datafield ind2=" " ind1=" " tag="720">
      <subfield code="a">Manera, Marc</subfield>
      <subfield code="e">author</subfield>
   </datafield>
   <datafield ind2=" " ind1=" " tag="720">
      <subfield code="a">Pérez Ràfols, Ignasi</subfield>
      <subfield code="e">author</subfield>
   </datafield>
   <datafield ind2=" " ind1=" " tag="260">
      <subfield code="c">2025-09-01</subfield>
   </datafield>
   <datafield ind2=" " ind1=" " tag="520">
      <subfield code="a">Aims. We explore transformations of the Friedman-Lemaître-Robertson-Walker (FLRW) metric and cosmological parameters that align with observational data while aiming to gain insights into potential extensions of standard cosmological models. Methods. We modified the FLRW metric by introducing a scaling factor, e2T(a)–the cosmological scaling function (CSF), which alters the standard relationship between cosmological redshift and the cosmic scale factor without affecting angular measurements or cosmic microwave background (CMB) anisotropies. Using data from DESI Year 1, Pantheon+ supernovae, and the Planck CMB temperature power spectrum, we constrained both the CSF and cosmological parameters through a Markov chain Monte Carlo approach. Results. Our results indicate that the CSF model fits observational data with a lower Hubble constant (although it is compatible with the value given by Planck 2018 within 1s) and is predominantly dark matter dominated. Additionally, the CSF model produces temperature and lensing power spectra similar to those predicted by the standard model, though with lower values in the CSF model at large scales. We also checked that when fitting a CSF model without dark energy to the data, we obtain a more negative conformal function. This suggests that the CSF model may offer hints about missing elements and opens up a new avenue for exploring physical interpretations of cosmic acceleration.</subfield>
   </datafield>
   <datafield ind2=" " ind1=" " tag="520">
      <subfield code="a">Postprint (published version)</subfield>
   </datafield>
   <datafield tag="653" ind2=" " ind1=" ">
      <subfield code="a">Àrees temàtiques de la UPC::Física::Astronomia i astrofísica</subfield>
   </datafield>
   <datafield tag="653" ind2=" " ind1=" ">
      <subfield code="a">Cosmological parameters</subfield>
   </datafield>
   <datafield tag="653" ind2=" " ind1=" ">
      <subfield code="a">Cosmology: observations</subfield>
   </datafield>
   <datafield tag="653" ind2=" " ind1=" ">
      <subfield code="a">Cosmology: theory</subfield>
   </datafield>
   <datafield tag="653" ind2=" " ind1=" ">
      <subfield code="a">Dark matter</subfield>
   </datafield>
   <datafield tag="653" ind2=" " ind1=" ">
      <subfield code="a">Dark energy</subfield>
   </datafield>
   <datafield tag="653" ind2=" " ind1=" ">
      <subfield code="a">Large-scale structure of Universe</subfield>
   </datafield>
   <datafield ind2="0" ind1="0" tag="245">
      <subfield code="a">Missing components in ΛCDM from DESI Y1 baryonic acoustic oscillation measurements: Insights from redshift remapping</subfield>
   </datafield>
</record></metadata></record></GetRecord></OAI-PMH>